Recognize Countries by Tripoint Maps #1 - Statistics

General Stats
  • This quiz has been taken 39,252 times
    35,499 since last reset
  • The average score is 20 of 27
Answer Stats
Picture Answer % Correct
China
97%
Mongolia
97%
Russia
97%
Oman
89%
Saudi Arabia
89%
United Arab Emirates
88%
Mexico
81%
Belize
79%
Germany
78%
Guatemala
78%
Poland
77%
Czech Republic
76%
India
76%
Bangladesh
74%
Myanmar
73%
D. R. Congo
72%
Kenya
68%
Brazil
66%
Tanzania
66%
Uganda
66%
Angola
65%
Zambia
64%
Colombia
63%
Peru
63%
Romania
38%
Serbia
38%
Bulgaria
37%
No matching quizzes found
Score Distribution
Percent of People with Each Score
Percentile by Number Answered
Your Score History
You have not taken this quiz since the last reset